Prospects for japanese industry to 1985

Salvato in:
Dettagli Bibliografici
Ente Autore: Nomura Research Institute
Natura: Libro
Lingua:Undetermined
Pubblicazione: Tokyo Financial Times 1985
Soggetti:
Tags: Aggiungi Tag
Nessun Tag, puoi essere il primo ad aggiungerne! !
Thư viện lưu trữ: Trung tâm Học liệu Trường Đại học Cần Thơ
LEADER 00528nam a2200193Ia 4500
001 CTU_98994
008 210402s9999 xx 000 0 und d
082 |a 338.0952 
082 |b N811/Vol.1 
110 |a Nomura Research Institute 
245 0 |a Prospects for japanese industry to 1985 
260 |a Tokyo 
260 |b Financial Times 
260 |c 1985 
650 |a Industries,Japan 
650 |x Foreign economic relations 
650 |z Japan 
904 |i Truc 
980 |a Trung tâm Học liệu Trường Đại học Cần Thơ